| 000 | 00355nam a22001097a 4500 | ||
|---|---|---|---|
| 082 | _a355.02 FUL'C | ||
| 100 |
_aFULLER, J. F. C MAJ GENERAL _957142 |
||
| 245 | _aTHE CONDUCT OF WAR 1789-1961, A STUDY OF THE IMPACT OF THE FRENCH INDUSTRIES AND RUSSIAN REVOLUTIONS ON WAR AND ITS CONDUCT | ||
| 260 |
_aLONDON _bMETHUEN _c1961 |
||
| 300 | _a352P | ||
| 942 | _cBK | ||
| 999 |
_c567437 _d567437 |
||